LIBRARY & INFORMATION CENTRE, KCAET, TAVANUR

ONLINE PUBLIC ACCESS CATALOGUE (OPAC)

Potato planter cum intercultivator / (Record no. 293)

MARC details
000 -LEADER
fixed length control field 00440cam a2200169ua 4500
041 ## - LANGUAGE CODE
Language code of text/sound track or separate title eng
082 ## - DEWEY DECIMAL CLASSIFICATION NUMBER
Classification number 631.3
Item number SHA/PO
100 ## - MAIN ENTRY--AUTHOR NAME
Personal name Sharma, A K.
245 ## - TITLE STATEMENT
Title Potato planter cum intercultivator /
250 ## - EDITION STATEMENT
Edition statement 1 /
260 ## - PUBLICATION, DISTRIBUTION, ETC. (IMPRINT)
Place of publication New Delhi :
Name of publisher Indian Agricultural Research Institute ,
Year of publication 1977.
300 ## - PHYSICAL DESCRIPTION
Number of Pages 54 ; .
700 1# - ADDED ENTRY--PERSONAL NAME
Personal name Srivastava, B C.
942 ## - ADDED ENTRY ELEMENTS (KOHA)
Koha item type Books
Holdings
Withdrawn status Lost status Damaged status Home library Current library Date acquired Full call number Accession Number Koha item type
      KAUAET KAUAET 07/04/2012 631.3 20297 Books
free website counter